LEADER 05010nam 22008052 450 001 9910450650303321 005 20151005020622.0 010 $a1-107-12831-5 010 $a1-280-16010-1 010 $a9786610160105 010 $a1-139-14611-4 010 $a0-511-11772-8 010 $a0-511-06640-6 010 $a0-511-06009-2 010 $a0-511-32384-0 010 $a0-511-54467-7 010 $a0-511-06853-0 035 $a(CKB)1000000000017957 035 $a(EBL)217769 035 $a(OCoLC)559157342 035 $a(SSID)ssj0000120833 035 $a(PQKBManifestationID)11132022 035 $a(PQKBTitleCode)TC0000120833 035 $a(PQKBWorkID)10092465 035 $a(PQKB)10292995 035 $a(SSID)ssj0001675701 035 $a(PQKBManifestationID)16487651 035 $a(PQKBTitleCode)TC0001675701 035 $a(PQKBWorkID)15022544 035 $a(PQKB)10564431 035 $a(UkCbUP)CR9780511544675 035 $a(MiAaPQ)EBC217769 035 $a(Au-PeEL)EBL217769 035 $a(CaPaEBR)ebr10069992 035 $a(CaONFJC)MIL16010 035 $a(EXLCZ)991000000000017957 100 $a20090506d2002|||| uy| 0 101 0 $aeng 135 $aur||||||||||| 181 $ctxt$2rdacontent 182 $cc$2rdamedia 183 $acr$2rdacarrier 200 00$aChild and adolescent obesity $ecauses and consequences, prevention and management /$fedited by Walter Burniat [and others]$b[electronic resource] 210 1$aCambridge :$cCambridge University Press,$d2002. 215 $a1 online resource (xx, 416 pages) $cdigital, PDF file(s) 300 $aTitle from publisher's bibliographic system (viewed on 05 Oct 2015). 311 $a0-521-02664-4 311 $a0-521-65237-5 320 $aIncludes bibliographical references and index. 327 $aPART I: CAUSES: Measurement and definition / Tim J. Cole and Marie Francoise Rolland-Cachera -- Epidemiology / Michele Guillaume and Inge Lissau -- Molecular and biological factors with emphasis on adipose tissue development / Martin Wabitsch -- Nutrition / Marie Francoise Rolland-Cachera and France Bellisle -- Physical activity / Yves Schutz and Claudio Maffeis -- Psychosocial factors / Andrew J. Hill and Inge Lissau -- PART II: CONSEQUENCES: Clinical features, adverse effects and outcome / Karl F.M. Zwiauer, Margherita Caroli, Ewa Malecka-Tendera and Elizabeth M.E. Poskitt -- The obese adolescent / Marie-Laure Frelut and Carl-Erik Flodmark -- Prader--Willi and other syndromes / Giuseppe Chiumello and Elizabeth M.E. Poskitt -- Hormonal and metabolic changes / Ewa Malecka-Tendera and Denes Molnar -- Risk of cardiovascular complications / David S. Freedman, Sathanur R. Srinivasan and Gerald S. Berenson -- PART III: PREVENTION AND MANAGEMENT: Prevention / Inge Lissau, Walter Burniat, Elizabeth M.E. Poskitt and Tim J. Cole -- Home-based management / Elizabeth M.E. Poskitt -- Dietary management / Margherita Caroli and Walter Burniat -- Management through activity / Jana Parizkova, Claudio Maffeis and Elizabeth M.E. Poskitt -- Psychotherapy / Carl-Erik Flodmark and Inge Lassau -- Drug therapy / Denes Molnar and Eva Malecka-Tendera -- Surgical treatment / Alessandro Salvatoni -- Interdisciplinary outpatient management / Beatrice Bauer and Claudio Maffeis -- Interdisciplinary residential treatment / Marie-Laure Frelut -- The future / W. Philip T. James. 330 $aThis book addresses the ever increasing problem of obesity in children and adolescents, the long-term health and social problems that arise from this, and approaches to prevention and management. Aimed at doctors, and all health-care professionals, it will be of interest to all those concerned with the increasing prevalence of obesity in both the developed and developing world. It covers all aspects of obesity from epidemiology and prevention to recent developments in biochemistry and genetics, and to the varied approaches to management which are influenced by social and clinical need. A foreword by William Dietz and a forward-looking 'future perspectives' conclusion by Philip James embrace an international team of authors, all with first-hand experience of the issues posed by obesity in the young. This comprehensive survey of an important and growing medical problem will help inform, influence and educate those charged with tackling this crisis. 517 3 $aChild & Adolescent Obesity 606 $aObesity in children 606 $aObesity in adolescence 606 $aChildren$xNutrition 606 $aTeenagers$xNutrition 606 $aReducing diets 615 0$aObesity in children. 615 0$aObesity in adolescence. 615 0$aChildren$xNutrition. 615 0$aTeenagers$xNutrition. 615 0$aReducing diets. 676 $a618.92/398 702 $aBurniat$b Walter$f1949- 801 0$bUkCbUP 801 1$bUkCbUP 906 $aBOOK 912 $a9910450650303321 996 $aChild and adolescent obesity$91905614 997 $aUNINA LEADER 04705nam 2201141Ia 450 001 9910783386503321 005 20200520144314.0 010 $a9786612763052 010 $a1-282-76305-9 010 $a1-59875-009-7 010 $a9780520241789 010 $a9781417545208 010 $a1-4175-4520-8 010 $a0-520-93794-5 010 $a0-520-24178-9 024 7 $a10.1525/9780520937949 035 $a(CKB)1000000000024228 035 $a(EBL)224495 035 $a(OCoLC)70773655 035 $a(SSID)ssj0000271654 035 $a(PQKBManifestationID)11248195 035 $a(PQKBTitleCode)TC0000271654 035 $a(PQKBWorkID)10293732 035 $a(PQKB)10735767 035 $a(MdBmJHUP)muse30371 035 $a(DE-B1597)521153 035 $a(OCoLC)1110714412 035 $a(DE-B1597)9780520937949 035 $a(Au-PeEL)EBL224495 035 $a(CaPaEBR)ebr10068599 035 $a(CaONFJC)MIL276305 035 $a(MiAaPQ)EBC224495 035 $a(dli)HEB33862 035 $a(MiU) MIU01100000000000000001115 035 $a(EXLCZ)991000000000024228 100 $a20040421d2005 ub 0 101 0 $aeng 135 $aur|n|---||||| 181 $ctxt 182 $cc 183 $acr 200 10$aWhy did they kill?$b[electronic resource] $eCambodia in the shadow of genocide /$fAlex Hinton 210 $aBerkeley $cUniversity of California Press$d2005 215 $a1 online resource (385 p.) 225 1 $aCalifornia series in public anthropology ;$v11 300 $aDescription based upon print version of record. 311 $a0-520-24179-7 320 $aIncludes bibliographical references and index. 327 $aIntroduction : in the shadow of genocide -- The prison without walls -- A head for an eye : Disproportionate Revenge -- Power, patronage, and suspicion -- In the shade of Pol Pot's umbrella -- The fire without smoke -- The DK social order -- Manufacturing difference -- The dark side of face and honor -- Conclusion : why people kill. 330 $aOf all the horrors human beings perpetrate, genocide stands near the top of the list. Its toll is staggering: well over 100 million dead worldwide. Why Did They Kill? is one of the first anthropological attempts to analyze the origins of genocide. In it, Alexander Hinton focuses on the devastation that took place in Cambodia from April 1975 to January 1979 under the Khmer Rouge in order to explore why mass murder happens and what motivates perpetrators to kill. Basing his analysis on years of investigative work in Cambodia, Hinton finds parallels between the Khmer Rouge and the Nazi regimes. Policies in Cambodia resulted in the deaths of over 1.7 million of that country's 8 million inhabitants-almost a quarter of the population--who perished from starvation, overwork, illness, malnutrition, and execution. Hinton considers this violence in light of a number of dynamics, including the ways in which difference is manufactured, how identity and meaning are constructed, and how emotionally resonant forms of cultural knowledge are incorporated into genocidal ideologies. 410 0$aCalifornia series in public anthropology ;$v11. 517 3 $aCambodia in the shadow of genocide 606 $aPolitical atrocities$zCambodia 606 $aGenocide$zCambodia 607 $aCambodia$xPolitics and government$y1975-1979 610 $a1970s. 610 $aanthropological analysis. 610 $aanthropologists. 610 $aanthropology. 610 $acambodia. 610 $acambodian culture. 610 $acambodian genocide. 610 $acultural knowledge. 610 $acultural studies. 610 $adeath toll. 610 $aexecution. 610 $agenocidal ideologies. 610 $ahistory of violence. 610 $ahuman motivation. 610 $ahuman psychology. 610 $ahuman rights. 610 $aillness. 610 $akhmer rouge. 610 $amalnutrition. 610 $amass murder. 610 $amillions dead. 610 $anazi regime. 610 $anonfiction. 610 $aorigins of genocide. 610 $aoverwork. 610 $aperceived differences. 610 $apolitical movement. 610 $apolitical violence. 610 $asocial analysis. 610 $asoutheast asia. 610 $astarvation. 610 $aviolence. 615 0$aPolitical atrocities 615 0$aGenocide 676 $a959.604/2 700 $aHinton$b Alexander Laban$0889006 801 0$bMiAaPQ 801 1$bMiAaPQ 801 2$bMiAaPQ 906 $aBOOK 912 $a9910783386503321 996 $aWhy did they kill$93703722 997 $aUNINA